[Event "Laval op"]
[Site "Laval CAN"]
[Date "2022.06.24"]
[Round "1.6"]
[White "Voskanyan, Vahagn"]
[Black "Di Matteo, Alessio"]
[Result "1-0"]
[WhiteElo "2196"]
[BlackElo "1563"]
[PlyCount "95"]
[EventDate "2022.06.24"]
[EventType "swiss"]
[EventRounds "5"]
[EventCountry "CAN"]

1. c4 Nf6 2. Nc3 d6 3. d4 Nc6 4. g3 g6 5. Bg2 Bg7 6. d5 Nb8 7. Nf3 O-O 8. Nd4
Re8 9. O-O Nbd7 10. b3 Nc5 11. h3 h6 12. Be3 e5 13. dxe6 Nxe6 14. Nxe6 Bxe6 15.
Qd2 Kh7 16. Rfd1 Qc8 17. Kh2 a6 18. Rac1 Rd8 19. Nd5 Ne8 20. Qb4 c5 21. Qa5
Bxd5 22. Bxd5 Rd7 23. Bf3 Qd8 24. Qd2 Qc7 25. Bf4 Rad8 26. Qd3 Bd4 27. e3 Bg7
28. h4 Kh8 29. Rc2 Nf6 30. Rcd2 Kg8 31. e4 Qb8 32. Qe3 Kh7 33. g4 Qc7 34. Kg2
Ne8 35. Qe2 Bd4 36. Be3 Be5 37. Rd3 Bg7 38. Qd2 b5 39. Bf4 b4 40. e5 Bf8 41.
Be4 Qb6 42. h5 a5 43. hxg6+ fxg6 44. Rh1 Nc7 45. Bxh6 Kg8 46. Bxf8 Rxf8 47. Qh6
d5 48. Bxg6 1-0

[Event "Laval op"]
[Site "Laval CAN"]
[Date "2022.06.24"]
[Round "1.7"]
[White "Wang, Rachel"]
[Black "Zhong, Kevin"]
[Result "0-1"]
[WhiteElo "1545"]
[BlackElo "2145"]
[PlyCount "62"]
[EventDate "2022.06.24"]
[EventType "swiss"]
[EventRounds "5"]
[EventCountry "CAN"]

1. d4 Nf6 2. c4 e6 3. Nf3 c5 4. e3 d5 5. Nc3 Nc6 6. cxd5 exd5 7. Be2 c4 8. O-O
Bb4 9. Bd2 O-O 10. b3 Bxc3 11. Bxc3 b5 12. bxc4 bxc4 13. Nd2 Bf5 14. f3 Re8 15.
e4 dxe4 16. Nxc4 Nd5 17. Bb2 e3 18. Ne5 Nxe5 19. dxe5 Nf4 20. Re1 Qg5 21. g3
Nh5 22. Bf1 Nxg3 23. hxg3 Qxg3+ 24. Bg2 Qf2+ 25. Kh1 Re6 26. Qd6 Rxd6 27. exd6
Qxb2 28. Rad1 e2 29. Rd5 Be6 30. Rd3 Qb4 31. Rxe2 Qb1+ 0-1

[Event "Laval op"]
[Site "Laval CAN"]
[Date "2022.06.24"]
[Round "1.8"]
[White "Soudre, Nicolas"]
[Black "Page, Dany"]
[Result "1-0"]
[WhiteElo "2091"]
[BlackElo "1543"]
[PlyCount "63"]
[EventDate "2022.06.24"]
[EventType "swiss"]
[EventRounds "5"]
[EventCountry "CAN"]

1. e4 c5 2. Nc3 Nc6 3. f4 g6 4. Nf3 Bg7 5. Bb5 Nd4 6. Bd3 a6 7. Nxd4 cxd4 8.
Ne2 d6 9. c3 dxc3 10. bxc3 Nh6 11. O-O O-O 12. Bc2 d5 13. e5 Bg4 14. h3 Bxe2
15. Qxe2 Nf5 16. Qf2 e6 17. g4 Ne7 18. Rb1 b5 19. a4 Rb8 20. Ba3 Re8 21. Bd6
Rb7 22. Bd3 Nc8 23. Bc5 Qd7 24. axb5 axb5 25. Qe2 Qc6 26. Bd4 b4 27. cxb4 Bf8
28. b5 Qc7 29. Rfc1 Qb8 30. b6 Rxb6 31. Rxb6 Nxb6 32. Rb1 1-0

[Event "Laval op"]
[Site "Laval CAN"]
[Date "2022.06.24"]
[Round "1.9"]
[White "Jiang, Barron Jiyu"]
[Black "Zheng, Richard"]
[Result "0-1"]
[WhiteElo "1527"]
[BlackElo "2083"]
[PlyCount "66"]
[EventDate "2022.06.24"]
[EventType "swiss"]
[EventRounds "5"]
[EventCountry "CAN"]

1. e4 c6 2. d4 d5 3. exd5 cxd5 4. Bd3 Nc6 5. Be3 Nf6 6. Nf3 Bg4 7. Nbd2 e6 8.
c3 Bd6 9. O-O O-O 10. Qb1 Rb8 11. Re1 Qc7 12. Bg5 h6 13. Bh4 b5 14. Bg3 Bxg3
15. fxg3 Nd7 16. Qc2 Rfc8 17. Rac1 Qb6 18. a3 e5 19. Bf5 Nxd4 20. Nxd4 exd4 21.
Kh1 Bxf5 22. Qxf5 dxc3 23. bxc3 Nf6 24. a4 bxa4 25. c4 Qa5 26. Nf3 Rc5 27. Re5
a3 28. Rb1 Rxb1+ 29. Qxb1 a2 30. Qa1 Rxc4 31. Re1 Ne4 32. Ne5 Ra4 33. Rf1 Qc3
0-1

[Event "Laval op"]
[Site "Laval CAN"]
[Date "2022.06.24"]
[Round "1.10"]
[White "Saha, Ananda"]
[Black "Tsukerman, Julia"]
[Result "1/2-1/2"]
[WhiteElo "2060"]
[BlackElo "1523"]
[PlyCount "104"]
[EventDate "2022.06.24"]
[EventType "swiss"]
[EventRounds "5"]
[EventCountry "CAN"]

1. Nf3 d5 2. g3 Nf6 3. Bg2 e6 4. O-O Be7 5. b3 O-O 6. c4 dxc4 7. bxc4 c5 8. Nc3
Nc6 9. Bb2 Rb8 10. d3 Nd4 11. Nb5 Nxf3+ 12. Bxf3 a6 13. Be5 Ra8 14. Nc3 Bd6 15.
Bxd6 Qxd6 16. Rb1 Rb8 17. Qc2 Qc7 18. Rb2 Bd7 19. Rfb1 b6 20. Na4 Bxa4 21. Qxa4
Qa7 22. Rb3 Rfd8 23. Qa3 Nd7 24. Bc6 Ne5 25. Ba4 Ng6 26. Bb5 Ra8 27. Bc6 Rab8
28. Qb2 Ne7 29. Be4 Nc8 30. h4 Qd7 31. Ra3 Qa7 32. h5 h6 33. Rb3 Qd7 34. Bf3 f6
35. Ra3 Qa7 36. Bg4 Kf7 37. Qd2 Qb7 38. Qe3 Rd6 39. Rab3 Qd7 40. Bf3 Ne7 41.
Be4 Qa4 42. R1b2 Qd7 43. g4 Kg8 44. Qg3 f5 45. Bf3 fxg4 46. Bxg4 Nf5 47. Bxf5
exf5 48. d4 f4 49. Qxf4 Rf8 50. Qe3 Rxd4 51. Rd3 Rxd3 52. Qxd3 Qg4+ 1/2-1/2

[Event "Laval op"]
[Site "Laval CAN"]
[Date "2022.06.24"]
[Round "1.11"]
[White "Wang, Isabelle"]
[Black "Lopez Linares, Lizandro"]
[Result "1/2-1/2"]
[WhiteElo "1520"]
[BlackElo "2056"]
[PlyCount "85"]
[EventDate "2022.06.24"]
[EventType "swiss"]
[EventRounds "5"]
[EventCountry "CAN"]

1. e4 d5 2. exd5 Qxd5 3. Nc3 Qa5 4. d4 c6 5. Nf3 Nf6 6. Bd2 Bf5 7. Bc4 e6 8.
O-O Bb4 9. a3 Bxc3 10. Bxc3 Qc7 11. Bd3 Bxd3 12. Qxd3 Nbd7 13. Rfe1 Rd8 14. Qe2
O-O 15. Bd2 c5 16. dxc5 Nxc5 17. Bg5 Rd5 18. Bxf6 gxf6 19. Rad1 Rfd8 20. Rxd5
Rxd5 21. Rd1 Qd6 22. Rxd5 Qxd5 23. h3 a6 24. Qd2 Qa2 25. Qd4 Qb1+ 26. Kh2 Qxc2
27. Qxf6 Ne4 28. Qd8+ Kg7 29. Qd4+ Kg8 30. Qd8+ Kg7 31. Qd4+ Nf6 32. Ne5 Qe4
33. Qxe4 Nxe4 34. Nd3 Kf6 35. f3 Nd6 36. Kg3 b6 37. b3 a5 38. a4 e5 39. Kg4 Nf5
40. Kh5 Nd4 41. b4 Nf5 42. bxa5 bxa5 43. Nc5 1/2-1/2

[Event "Laval op"]
[Site "Laval CAN"]
[Date "2022.06.24"]
[Round "1.12"]
[White "Constantin, David"]
[Black "Wang, Derek"]
[Result "1-0"]
[WhiteElo "2047"]
[BlackElo "1471"]
[PlyCount "143"]
[EventDate "2022.06.24"]
[EventType "swiss"]
[EventRounds "5"]
[EventCountry "CAN"]

1. d4 d5 2. Nf3 Nf6 3. c4 c6 4. Qc2 e6 5. Nbd2 Nbd7 6. b3 Be7 7. Bb2 O-O 8. e3
Qc7 9. Bd3 b6 10. O-O Bb7 11. e4 dxe4 12. Nxe4 Nxe4 13. Bxe4 Nf6 14. Bd3 h6 15.
Qe2 Rfd8 16. Rfe1 c5 17. d5 Bc8 18. Rad1 Ne8 19. Ne5 Nd6 20. Nc6 Re8 21. Nxe7+
Qxe7 22. Bc2 Qg5 23. f4 Qd8 24. Qg4 e5 25. Qg3 Nf5 26. Bxf5 Bxf5 27. fxe5 Qg5
28. Qc3 Rad8 29. Re3 Bg6 30. e6 f6 31. Rf1 Kh7 32. Rg3 Qh5 33. Re3 b5 34. Qd2
bxc4 35. d6 Bd3 36. Rff3 Bf5 37. e7 Rd7 38. bxc4 Bg6 39. Re1 Qg5 40. Rfe3 Rexe7
41. h4 Qxe3+ 42. Rxe3 Rxe3 43. Qxe3 Rxd6 44. Qxc5 Rd2 45. Bc3 Rxa2 46. Qe7 Kg8
47. c5 Rc2 48. Bd4 a5 49. Qd8+ Kh7 50. Qxa5 Be4 51. h5 Rxg2+ 52. Kf1 Rg5 53.
Qb6 Rxh5 54. c6 Bxc6 55. Qxc6 Rg5 56. Qe4+ f5 57. Qe5 Kg8 58. Ke2 Kh7 59. Kf3
Kg8 60. Be3 Rg6 61. Kf4 Rg5 62. Qe6+ Kh7 63. Ke5 Rh5 64. Qf7 Rh1 65. Qxf5+ Kg8
66. Bf4 Re1+ 67. Kd6 Re8 68. Be5 Ra8 69. Ke6 Re8+ 70. Kd5 Ra8 71. Qd7 Ra5+ 72.
Ke4 1-0

[Event "Laval op"]
[Site "Laval CAN"]
[Date "2022.06.24"]
[Round "1.13"]
[White "Joseph, Jonath"]
[Black "Robichaud, Louis"]
[Result "1-0"]
[WhiteElo "1391"]
[BlackElo "2038"]
[PlyCount "157"]
[EventDate "2022.06.24"]
[EventType "swiss"]
[EventRounds "5"]
[EventCountry "CAN"]

1. e4 e5 2. Nf3 Nc6 3. Bc4 Bc5 4. Nc3 Nf6 5. d3 a6 6. a3 d6 7. h3 Ba7 8. Bg5 h6
9. Bd2 b5 10. Ba2 Nd4 11. O-O c6 12. Kh1 g5 13. Nh2 Qe7 14. Ne2 Nxe2 15. Qxe2
Be6 16. Bxe6 Qxe6 17. Be3 Nd7 18. Bxa7 Rxa7 19. Qe3 Rb7 20. d4 c5 21. dxc5 Nxc5
22. Rad1 Ke7 23. Rd2 Rc8 24. Rfd1 Rc6 25. Ng4 Qg6 26. Rxd6 Rxd6 27. Qxc5 Rbb6
28. Nxe5 Qe6 29. Rd5 f6 30. Qc7+ Ke8 31. Ng6 Qd7 32. Qc5 Kf7 33. Qxb6 Rxb6 34.
Ne5+ fxe5 35. Rxd7+ Kf6 36. c3 h5 37. g4 h4 38. Kg2 a5 39. Rh7 Kg6 40. Ra7 a4
41. Rd7 Kf6 42. Kf3 Kg6 43. Rd5 Kf6 44. Ke3 Rb8 45. Kd3 Rb6 46. Kc2 Rb8 47. Rc5
Rb6 48. c4 bxc4 49. Rxc4 Rb3 50. Rc3 Rb6 51. b3 axb3+ 52. Rxb3 Rc6+ 53. Rc3 Ra6
54. Kb2 Ra4 55. f3 Rd4 56. Kc2 Ke6 57. Rc6+ Kf7 58. Ra6 Rc4+ 59. Kb3 Rc1 60.
Ra7+ Kg6 61. Ra6+ Kf7 62. Ra7+ Kg6 63. a4 Rh1 64. a5 Rxh3 65. a6 Rxf3+ 66. Kb4
h3 67. Ra8 Kg7 68. a7 h2 69. Rg8+ Kxg8 70. a8=Q+ Kg7 71. Qa1 Rh3 72. Qxe5+ Kf7
73. Qf5+ Ke8 74. Qg6+ Kf8 75. Qd6+ Ke8 76. Qb8+ Kd7 77. Qb7+ Ke8 78. Qb5+ Kf7
79. Qf1+ 1-0

[Event "Laval op"]
[Site "Laval CAN"]
[Date "2022.06.24"]
[Round "1.14"]
[White "Libersan, Thierry"]
[Black "Zhang, Brian"]
[Result "1/2-1/2"]
[WhiteElo "1968"]
[BlackElo "1295"]
[PlyCount "139"]
[EventDate "2022.06.24"]
[EventType "swiss"]
[EventRounds "5"]
[EventCountry "CAN"]

1. d4 Nf6 2. Nf3 g6 3. g3 Bg7 4. Bg2 O-O 5. O-O d6 6. c4 Nbd7 7. Nc3 e5 8. e4
c6 9. Rb1 Qe7 10. Re1 Rd8 11. b3 Qe8 12. h3 a6 13. a4 Rb8 14. a5 Nf8 15. Be3
Ne6 16. Qc2 exd4 17. Nxd4 Nd7 18. Rbd1 Nxd4 19. Bxd4 Ne5 20. f4 c5 21. Bxe5
dxe5 22. Nd5 exf4 23. gxf4 Be6 24. e5 Kh8 25. Qf2 Qf8 26. Qh4 Bf5 27. Rd2 b6
28. Red1 bxa5 29. Nf6 h6 30. Nd5 Rxb3 31. Nc7 Rxd2 32. Rxd2 g5 33. fxg5 Bxe5
34. gxh6 Bxc7 35. Qf6+ Kg8 36. Qxf5 Qxh6 37. Rf2 Qf8 38. Bd5 Rg3+ 39. Kf1 Rg7
40. Qf6 Bg3 41. Re2 Qb8 42. Rb2 Qe8 43. Re2 Qc8 44. Re7 Qxh3+ 45. Bg2 Qc8 46.
Bd5 Qh3+ 47. Bg2 Qc8 48. Bd5 Qh3+ 49. Ke2 Qg4+ 50. Ke3 Qg5+ 51. Qxg5 Rxg5 52.
Ra7 Rf5 53. Rxa6 Be1 54. Ke4 Rf2 55. Ra7 Bc3 56. Bc6 Kg7 57. Ke3 Rf1 58. Kd3
Bb4 59. Bd5 Kg6 60. Ke2 Rf6 61. Ke3 Bc3 62. Kd3 Be1 63. Ke4 Bc3 64. Kd3 Bb4 65.
Ke2 Rf4 66. Ke3 Rf1 67. Ke2 Rf4 68. Ke3 Rf6 69. Ke2 Bc3 70. Kd3 1/2-1/2

[Event "Laval op"]
[Site "Laval CAN"]
[Date "2022.06.24"]
[Round "1.16"]
[White "Jacquet, Stephane"]
[Black "Sekki, Abderaouf"]
[Result "1-0"]
[WhiteElo "1909"]
[BlackElo "1934"]
[PlyCount "123"]
[EventDate "2022.06.24"]
[EventType "swiss"]
[EventRounds "5"]
[EventCountry "CAN"]

1. d4 f5 2. Nf3 Nf6 3. g3 e6 4. Bg2 Be7 5. O-O O-O 6. b3 Ne4 7. Bb2 b6 8. Nbd2
Bb7 9. c4 d6 10. Qc2 Nxd2 11. Qxd2 Bf6 12. Rac1 Nd7 13. Rfd1 Qe7 14. b4 Rad8
15. Qc2 Be4 16. Qa4 c5 17. bxc5 bxc5 18. Ba3 Nb6 19. Qa5 Rc8 20. dxc5 dxc5 21.
Nd2 Bxg2 22. Kxg2 Rfd8 23. Rc2 Rd7 24. Rb1 Be5 25. Nb3 Bd6 26. Rd1 Rdc7 27. Qc3
Na4 28. Qd3 Be5 29. f4 Bf6 30. e4 Rd8 31. Qxd8+ Qxd8 32. Rxd8+ Bxd8 33. exf5
exf5 34. Re2 Bf6 35. Re6 Bd4 36. Rd6 Nb6 37. Nxd4 cxd4 38. c5 Nc4 39. Rd8+ Kf7
40. Bb4 a5 41. Rxd4 Ne3+ 42. Kf3 Nc2 43. Rd5 Nxb4 44. Rxf5+ Ke6 45. Re5+ Kf6
46. Ke4 Re7 47. a3 Nc6 48. Rxe7 Kxe7 49. Kd5 Kd7 50. f5 Ne7+ 51. Ke5 Nc6+ 52.
Kd5 Ne7+ 53. Ke5 Nxf5 54. Kxf5 Kc6 55. g4 Kxc5 56. g5 Kd6 57. a4 Kd5 58. h4 Kd6
59. h5 Kd5 60. h6 g6+ 61. Kf6 Ke4 62. Kg7 1-0

[Event "Laval op"]
[Site "Laval CAN"]
[Date "2022.06.24"]
[Round "1.17"]
[White "McCartney, Steven"]
[Black "Batorshyn, Ilia"]
[Result "1-0"]
[WhiteElo "1769"]
[BlackElo "1857"]
[PlyCount "111"]
[EventDate "2022.06.24"]
[EventType "swiss"]
[EventRounds "5"]
[EventCountry "CAN"]

1. b3 d5 2. Bb2 Bg4 3. Nf3 Bxf3 4. exf3 e6 5. d4 Nf6 6. Bd3 Bd6 7. Nd2 Nbd7 8.
O-O c6 9. c4 Qc7 10. h3 O-O 11. Re1 Rfe8 12. Qc2 h6 13. a3 Rad8 14. b4 a6 15.
Rac1 Qb8 16. Nb3 dxc4 17. Bxc4 Nd5 18. Nc5 N7f6 19. Ba2 Bc7 20. Bb1 a5 21. Ne4
Nd7 22. Nc5 Nf8 23. Bc3 axb4 24. axb4 Bd6 25. Qb2 Qc7 26. Ne4 Bf4 27. Bd2 Bxd2
28. Nxd2 Qb6 29. Be4 Nc7 30. Rc4 Nb5 31. Nb3 Nd6 32. Rc3 Qxb4 33. Qc1 Nb5 34.
Rce3 Nxd4 35. Nxd4 Qxd4 36. Qb1 Qd7 37. Qb6 Qe7 38. Rb3 Rb8 39. Rd1 Nd7 40. Qa7
Nc5 41. Rbb1 Ra8 42. Qb6 Ra6 43. Qb2 Nxe4 44. fxe4 b5 45. Rd3 Rb8 46. Rg3 e5
47. Rd1 Ra4 48. Rd7 Qe6 49. Qd2 Rxe4 50. Rd6 Rd4 51. Rxd4 exd4 52. Qxd4 f6 53.
Qa7 Qf7 54. Qxb8+ Kh7 55. Qd6 Qb7 56. Re3 1-0

[Event "Laval op"]
[Site "Laval CAN"]
[Date "2022.06.24"]
[Round "1.18"]
[White "Mok, Yuen Tak"]
[Black "Efpraxiadis, Jean"]
[Result "1/2-1/2"]
[WhiteElo "1839"]
[BlackElo "1624"]
[PlyCount "116"]
[EventDate "2022.06.24"]
[EventType "swiss"]
[EventRounds "5"]
[EventCountry "CAN"]

1. Nf3 c6 2. c4 d5 3. e3 Nf6 4. Nc3 e6 5. b3 Nbd7 6. Qc2 Bd6 7. d4 b6 8. Be2
O-O 9. O-O Bb7 10. Bb2 Rc8 11. Rad1 Re8 12. Rfe1 c5 13. dxc5 Nxc5 14. cxd5 exd5
15. Qb1 Nce4 16. Nxe4 Nxe4 17. Rc1 Qe7 18. Qa1 f6 19. Rxc8 Rxc8 20. Rc1 Rxc1+
21. Qxc1 Qc7 22. Qxc7 Bxc7 23. Kf1 Kf7 24. h3 Bd6 25. Bd3 a6 26. Ke2 b5 27. Nd4
Be5 28. h4 g6 29. f4 Bxd4 30. Bxd4 Ke6 31. g4 f5 32. g5 Kd6 33. Bc2 Nc5 34. Bc3
Ne4 35. Bb4+ Ke6 36. Kd3 Bc6 37. Kd4 Bb7 38. Bd1 Bc8 39. h5 Bb7 40. hxg6 hxg6
41. a4 Bc6 42. Bc2 Bd7 43. Bc5 Bc6 44. Ba7 Bd7 45. Bb6 Be8 46. Ba7 Bd7 47. Kd3
Be8 48. Bd4 Kd6 49. Ba7 bxa4 50. bxa4 Nc5+ 51. Bxc5+ Kxc5 52. Kc3 a5 53. Bd1
Bd7 54. Bb3 Bc6 55. Bd1 Be8 56. Bc2 Bc6 57. Bd1 Be8 58. Bc2 Bd7 1/2-1/2

[Event "Laval op"]
[Site "Laval CAN"]
[Date "2022.06.24"]
[Round "1.19"]
[White "Masse-Garneau, Anthony"]
[Black "Latorre, Vincent"]
[Result "0-1"]
[WhiteElo "1596"]
[BlackElo "1813"]
[PlyCount "52"]
[EventDate "2022.06.24"]
[EventType "swiss"]
[EventRounds "5"]
[EventCountry "CAN"]

1. d4 Nf6 2. c4 g6 3. Nc3 Bg7 4. e4 d6 5. Nf3 O-O 6. Be2 e5 7. d5 a5 8. Bg5 h6
9. Bxf6 Qxf6 10. O-O Bd7 11. Nd2 Qd8 12. Kh1 f5 13. f3 f4 14. Qe1 g5 15. Rg1
Be8 16. Qf2 Nd7 17. b3 Nf6 18. g4 fxg3 19. hxg3 Qd7 20. Qh2 h5 21. Raf1 Bg6 22.
Nd1 g4 23. Nf2 Bh6 24. Rd1 Qh7 25. fxg4 Bxd2 26. Rxd2 Nxe4 0-1

[Event "Laval op"]
[Site "Laval CAN"]
[Date "2022.06.24"]
[Round "1.20"]
[White "Landry, Sylvain"]
[Black "Liao, David"]
[Result "1-0"]
[WhiteElo "1795"]
[BlackElo "1548"]
[PlyCount "33"]
[EventDate "2022.06.24"]
[EventType "swiss"]
[EventRounds "5"]
[EventCountry "CAN"]

1. e4 e6 2. d4 d5 3. Nc3 Nf6 4. e5 Nfd7 5. f4 c5 6. Nf3 Nc6 7. Be3 cxd4 8. Nxd4
Be7 9. Qd2 O-O 10. O-O-O Nxd4 11. Bxd4 f6 12. Kb1 a6 13. Bd3 b5 14. Rhf1 Bb7
15. Qe3 fxe5 16. fxe5 Qc7 17. Qh3 1-0

[Event "Laval op"]
[Site "Laval CAN"]
[Date "2022.06.24"]
[Round "1.23"]
[White "Xu, Daniel"]
[Black "Clyde, Jordan"]
[Result "0-1"]
[WhiteElo "1846"]
[BlackElo "2139"]
[PlyCount "72"]
[EventDate "2022.06.24"]
[EventType "swiss"]
[EventRounds "5"]
[EventCountry "CAN"]

1. e4 d6 2. d4 c6 3. Nc3 g6 4. Be3 Nf6 5. f3 d5 6. e5 Ng8 7. Qd2 b6 8. O-O-O
Na6 9. h4 h5 10. e6 f5 11. Nh3 Nc7 12. Nf4 Rh6 13. g4 hxg4 14. fxg4 g5 15. Nh3
fxg4 16. hxg5 Rxh3 17. Bxh3 gxh3 18. Rxh3 Bxe6 19. Rh8 Kd7 20. Qd3 Ne8 21. Qh7
Ng7 22. Rxg8 Bxg8 23. Qxg8 Nf5 24. Bf4 Bg7 25. Qh7 e6 26. Re1 Qe7 27. Qg6 Rh8
28. Be5 Bxe5 29. dxe5 Rh2 30. Qg8 Rg2 31. Qb8 Qxg5+ 32. Kb1 Rg1 33. Qxa7+ Ke8
34. Qb8+ Kf7 35. Rd1 Rxd1+ 36. Nxd1 Qd2 0-1

[Event "Laval op"]
[Site "Laval CAN"]
[Date "2022.06.25"]
[Round "2.1"]
[White "Jacquet, Stephane"]
[Black "Rodrigue-Lemieux, Shawn"]
[Result "1-0"]
[WhiteElo "1909"]
[BlackElo "2366"]
[PlyCount "75"]
[EventDate "2022.06.24"]
[EventType "swiss"]
[EventRounds "5"]
[EventCountry "CAN"]

1. c4 Nf6 2. g3 g6 3. Bg2 Bg7 4. Nc3 O-O 5. Nf3 d6 6. d4 Nc6 7. O-O e5 8. dxe5
Nxe5 9. Nxe5 dxe5 10. Bg5 Qxd1 11. Rfxd1 c6 12. Rac1 Be6 13. Na4 Nd7 14. b4
Rfc8 15. b5 Bf8 16. Be3 f5 17. bxc6 bxc6 18. Rb1 Rc7 19. Rd2 Kf7 20. Bd5 cxd5
21. cxd5 Be7 22. Rb5 Rac8 23. dxe6+ Kxe6 24. Rdb2 Nc5 25. Bxc5 Bxc5 26. Ra5 Bd4
27. Rbb5 f4 28. gxf4 exf4 29. Kg2 Rd8 30. Kf3 Rdd7 31. h4 Kf7 32. Nc5 Re7 33.
Nd3 Bf6 34. h5 g5 35. Ra6 Re6 36. Rba5 Ree7 37. Nb4 Bc3 38. Rf5+ 1-0

[Event "Laval op"]
[Site "Laval CAN"]
[Date "2022.06.25"]
[Round "2.2"]
[White "Latorre, Vincent"]
[Black "Chiku-Ratte, Olivier-Kenta"]
[Result "1/2-1/2"]
[WhiteElo "2353"]
[BlackElo "1813"]
[PlyCount "190"]
[EventDate "2022.06.24"]
[EventType "swiss"]
[EventRounds "5"]
[EventCountry "CAN"]

1. e4 c6 2. d4 d5 3. exd5 cxd5 4. Bd3 Nc6 5. c3 Qc7 6. Ne2 Bg4 7. O-O e6 8. Qe1
Nf6 9. f3 Bh5 10. Qh4 Bg6 11. Bxg6 fxg6 12. Nf4 Kf7 13. Nd3 e5 14. Nxe5+ Nxe5
15. dxe5 Qxe5 16. Re1 Bc5+ 17. Kh1 Qf5 18. Bg5 Rhe8 19. Nd2 Rxe1+ 20. Rxe1 Re8
21. Rxe8 Nxe8 22. Qf4 h6 23. Qxf5+ gxf5 24. Nb3 Bf2 25. Bf4 Ke6 26. Nd4+ Bxd4
27. cxd4 Nd6 28. h4 Nc4 29. Bc1 Kf6 30. b3 Na5 31. Kg1 Nc6 32. Bd2 Kg6 33. Be3
Kh5 34. g3 g5 35. hxg5 hxg5 36. Kg2 Nb4 37. a4 Nc2 38. Kf2 g4 39. f4 Na1 40. b4
Nc2 41. b5 Na3 42. Bd2 Nc4 43. Ke2 Nb2 44. a5 a6 45. b6 Kg6 46. Bc3 Nc4 47. Kd3
Kf7 48. Kc2 Ke6 49. Kb3 Kd6 50. Ka4 Kc6 51. Ba1 Ne3 52. Bc3 Nd1 53. Ba1 Kd7 54.
Kb3 Kd6 55. Kb4 Nf2 56. Bc3 Nd3+ 57. Ka4 Kc6 58. Bd2 Nf2 59. Be1 Nh3 60. Kb4
Ng1 61. Ka4 Ne2 62. Bf2 Nc3+ 63. Kb4 Ne4 64. Be1 Nd6 65. Ka4 Nb5 66. Bf2 Nc3+
67. Kb3 Ne2 68. Ka4 Nc1 69. Be1 Kd7 70. Bf2 Kd6 71. Be1 Kc6 72. Bf2 Nd3 73. Be3
Nb2+ 74. Kb4 Kd6 75. Bd2 Nd1 76. Ka4 Kc6 77. Kb4 Nf2 78. Ka4 Nd3 79. Bc3 Nc1
80. Be1 Nd3 81. Bc3 Nf2 82. Be1 Ne4 83. Kb4 Kd7 84. Ka4 Nd6 85. Kb4 Kc6 86. Ka4
Nc4 87. Bc3 Kd6 88. Bb4+ Kc6 89. Bc3 Ne3 90. Be1 Kd6 91. Bb4+ Kd7 92. Be1 Kc6
93. Bd2 Nc4 94. Bc3 Nd6 95. Be1 Nb5 1/2-1/2

[Event "Laval op"]
[Site "Laval CAN"]
[Date "2022.06.25"]
[Round "2.3"]
[White "Landry, Sylvain"]
[Black "Gutierrez, Renzo"]
[Result "1-0"]
[WhiteElo "1795"]
[BlackElo "2227"]
[PlyCount "69"]
[EventDate "2022.06.24"]
[EventType "swiss"]
[EventRounds "5"]
[EventCountry "CAN"]

1. e4 c5 2. Nc3 d6 3. f4 g6 4. d4 cxd4 5. Qxd4 Nf6 6. e5 Nc6 7. Bb5 Nh5 8. Qe4
Bg7 9. Bxc6+ bxc6 10. Qxc6+ Bd7 11. Qe4 O-O 12. Nf3 Rc8 13. O-O Bh6 14. Nd4 Rc4
15. Qd3 Rc8 16. exd6 exd6 17. f5 Bxc1 18. Raxc1 Nf6 19. Kh1 Ng4 20. Qg3 Ne5 21.
f6 Ng4 22. Nd5 Rc5 23. Qxd6 Rxd5 24. Qxd5 Ne3 25. Qg5 Nxf1 26. Rxf1 Kh8 27. Rf4
Re8 28. h3 Qb8 29. Qh6 Re1+ 30. Kh2 Qg8 31. Nf3 Re2 32. Rd4 Bc6 33. Rd8 Be8 34.
c4 Re6 35. Ng5 1-0

[Event "Laval op"]
[Site "Laval CAN"]
[Date "2022.06.25"]
[Round "2.4"]
[White "Zhong, Kevin"]
[Black "Lesage, Philippe"]
[Result "1-0"]
[WhiteElo "2145"]
[BlackElo "1742"]
[PlyCount "59"]
[EventDate "2022.06.24"]
[EventType "swiss"]
[EventRounds "5"]
[EventCountry "CAN"]

1. e4 c5 2. Nf3 g6 3. d4 cxd4 4. Nxd4 Nc6 5. c4 Bg7 6. Be3 Nf6 7. Nc3 Ng4 8.
Qxg4 Nxd4 9. Qd1 e5 10. Bd3 d6 11. O-O O-O 12. a4 Be6 13. a5 Rc8 14. Nd5 Bxd5
15. cxd5 Qd7 16. a6 b6 17. Bxd4 exd4 18. Qe2 Rc5 19. f4 Re8 20. b4 Rxd5 21. g4
h5 22. Qd1 Rb5 23. Qa4 Qxg4+ 24. Kh1 Rbe5 25. fxe5 Rxe5 26. Qd1 Qe6 27. Rc1 d5
28. exd5 Qxd5+ 29. Qf3 Qd7 30. Qb7 1-0

[Event "Laval op"]
[Site "Laval CAN"]
[Date "2022.06.25"]
[Round "2.5"]
[White "Guillemette, Hugo"]
[Black "Soudre, Nicolas"]
[Result "1/2-1/2"]
[WhiteElo "1787"]
[BlackElo "2091"]
[PlyCount "124"]
[EventDate "2022.06.24"]
[EventType "swiss"]
[EventRounds "5"]
[EventCountry "CAN"]

1. e4 e6 2. d4 d5 3. e5 c5 4. c3 Qb6 5. Nf3 Nc6 6. a3 c4 7. Nbd2 Na5 8. g3 Bd7
9. Bg2 O-O-O 10. O-O Kb8 11. Rb1 Qc7 12. Re1 h6 13. Nf1 Ne7 14. Ne3 Nc8 15. Nd2
g5 16. Ng4 Nb6 17. Qe2 Be7 18. Nf6 Ba4 19. Nf1 Nd7 20. Nh5 Nb3 21. Ne3 Bc6 22.
Qf3 Rdf8 23. Ng4 b5 24. Ngf6 Nb6 25. Qg4 a5 26. f4 b4 27. axb4 axb4 28. fxg5
hxg5 29. Bxg5 Na4 30. Qf3 Qa5 31. Bf1 bxc3 32. Bxc4 Nd2 33. Bxd2 cxd2 34. Red1
Qb6 35. Be2 Qxd4+ 36. Kh1 Qb6 37. Qf4 Bc5 38. Bf3 Be3 39. Qg4 Nc5 40. Nf4 Rd8
41. b4 Nd7 42. Nxd7+ Bxd7 43. Qg5 Ba4 44. Rf1 Bb5 45. Rfd1 Qc7 46. Ra1 Bd4 47.
Ra5 Bc4 48. Ne2 Qxe5 49. Qxe5+ Bxe5 50. Rxd2 Bc7 51. Ra3 Bd6 52. Nd4 Kb7 53.
Kg2 Kb6 54. Ra1 Ra8 55. Rxa8 Rxa8 56. Bh5 Bxb4 57. Rb2 Kc5 58. Bxf7 Kxd4 59.
Rxb4 e5 60. g4 e4 61. g5 Ke5 62. g6 Kf6 1/2-1/2

[Event "Laval op"]
[Site "Laval CAN"]
[Date "2022.06.25"]
[Round "2.6"]
[White "Zheng, Richard"]
[Black "Joseph, Jonath"]
[Result "1-0"]
[WhiteElo "2083"]
[BlackElo "1391"]
[PlyCount "75"]
[EventDate "2022.06.24"]
[EventType "swiss"]
[EventRounds "5"]
[EventCountry "CAN"]

1. d4 Nf6 2. c4 e6 3. Nc3 d5 4. cxd5 exd5 5. Bg5 c6 6. Qc2 Be6 7. e3 Nbd7 8.
Bd3 Bd6 9. Nge2 c5 10. dxc5 Bxc5 11. h3 h6 12. Bf4 Rc8 13. O-O O-O 14. Rad1 Nh5
15. Bh2 Qg5 16. Kh1 Qf6 17. Nxd5 Bxd5 18. Bh7+ Kh8 19. Rxd5 g6 20. Bxg6 fxg6
21. Rxd7 Bd6 22. Qe4 Bxh2 23. Kxh2 Rfe8 24. Qd3 Rcd8 25. Kg1 Ng7 26. Rxd8 Rxd8
27. Qc2 Ne6 28. Nc3 Rc8 29. Rd1 Qg7 30. Qa4 a6 31. Qd7 Rc7 32. Qxe6 Kh7 33. Nd5
Rf7 34. Rd4 g5 35. Nb6 h5 36. Rd7 Rxd7 37. Qxd7 Qxd7 38. Nxd7 1-0

[Event "Laval op"]
[Site "Laval CAN"]
[Date "2022.06.25"]
[Round "2.7"]
[White "Clyde, Jordan"]
[Black "Constantin, David"]
[Result "1-0"]
[WhiteElo "2139"]
[BlackElo "2047"]
[PlyCount "81"]
[EventDate "2022.06.24"]
[EventType "swiss"]
[EventRounds "5"]
[EventCountry "CAN"]

1. e3 d5 2. c4 c6 3. Nf3 Nf6 4. b3 Bg4 5. Bb2 e6 6. Be2 Nbd7 7. d3 Bb4+ 8. Nbd2
O-O 9. a3 Bd6 10. h3 Bxf3 11. Bxf3 Qe7 12. O-O a5 13. Qc2 Rfe8 14. d4 e5 15.
cxd5 cxd5 16. dxe5 Nxe5 17. Be2 Rac8 18. Qb1 Rc7 19. Rd1 Rd8 20. Bd4 Bc5 21.
Bc3 b6 22. Qb2 Ned7 23. Bf3 Bd6 24. Rdc1 Rdc8 25. b4 a4 26. Bd4 Be5 27. Rxc7
Rxc7 28. Bd1 b5 29. Nf3 Bxd4 30. Nxd4 Ne5 31. Nxb5 Rc4 32. Be2 Rc8 33. Nc3 Nc4
34. Bxc4 Rxc4 35. Nxa4 Ne4 36. Nb6 Rc6 37. Nxd5 Qe6 38. b5 Rc8 39. Rc1 Rd8 40.
b6 Rxd5 41. b7 1-0

[Event "Laval op"]
[Site "Laval CAN"]
[Date "2022.06.25"]
[Round "2.8"]
[White "Turcotte, Jonathan"]
[Black "McCartney, Steven"]
[Result "1-0"]
[WhiteElo "1927"]
[BlackElo "1769"]
[PlyCount "43"]
[EventDate "2022.06.24"]
[EventType "swiss"]
[EventRounds "5"]
[EventCountry "CAN"]

1. d4 Nf6 2. c4 c5 3. d5 e6 4. Nc3 exd5 5. cxd5 d6 6. e4 g6 7. h3 Bg7 8. Nf3
O-O 9. Bd3 b5 10. Nxb5 Re8 11. O-O Nxe4 12. Bxe4 Rxe4 13. Bg5 Qb6 14. a4 Ba6
15. Re1 Rxe1+ 16. Qxe1 Nd7 17. Qe7 Bxb5 18. axb5 Ne5 19. Nxe5 Bxe5 20. Bh6 Bxb2
21. Ra6 Qxb5 22. Rxa7 1-0